00300nam a2200121Ia 4500008004100000041001200041082001100053100001600064245006800080260000600148650000600154700001800160221030s9999 xx 000 0 und d aEnglish a105.23 aS. C. Arora 2aA Course in Heat & Mass Transfercby S. C. Arora, S. Domkundwar c0 aB aS. Domkundwar